(Record no. 190263)

MARC details
000 -LEADER
fixed length control field 00434nam a2200145Ia 4500
041 ## - LANGUAGE CODE
Language code of text/sound track or separate title Arabic
082 ## - DEWEY DECIMAL CLASSIFICATION NUMBER
Classification number 297.094 cut-229
100 ## - MAIN ENTRY--PERSONAL NAME
Personal name 20260118u\\\\\\\\\\\y0engy0103\\\\ba
Personal name ابرام . لابيدس
245 #0 - TITLE STATEMENT
Title تاريخ المجتمعات الاسلامية - المجلد الثاني
250 ## - EDITION STATEMENT
Edition statement ط1
260 ## - PUBLICATION, DISTRIBUTION, ETC. (IMPRINT)
Name of publisher, distributor, etc دار الكتاب العربي
Place of publication, distribution, etc بيروت - لبنان
300 ## - PHYSICAL DESCRIPTION
Extent 1516
942 ## - ADDED ENTRY ELEMENTS (KOHA)
Koha item type Books
Holdings
Withdrawn status Lost status Damaged status Not for loan Collection code Home library Current library Shelving location Date acquired Total Checkouts Full call number Barcode Date last seen Copy number Price effective from Koha item type
          Koya University Central Library Koya University Central Library Books 18/01/2026   297.094 cut-229 0000096501 18/01/2026 1 18/01/2026 Books